000
00299nam a22001097a 4500
008
160506b xxu||||| |||| 00| 0 eng d
020
_a
0810910543
041
_a
eng
080
_a
61
245
_a
Medicine an illustrated history:
_c
By Albert S. Lyons M. D; R.Joseph Petrucelli LL.M.D;
942
_2
udc
_c
BK
999
_c
1875
_d
1875